[Event "Richard Sutton Trophy 2016"]
[Site "Dunedin NZL"]
[Date "2016.10.26"]
[Round "1.1"]
[White "Johnson, Quentin J F"]
[Black "Fukushima, Shoji"]
[Result "1-0"]
[WhiteElo "2148"]
[BlackElo "1700"]
[EventDate "2016.10.26"]
[PlyCount "69"]
[SourceDate "2016.10.27"]

1.d4 d5 2.c4 e6 3.Nf3 Nf6 4.g3 Bb4+ 5.Bd2 Bxd2+ 6.Nbxd2 O-O 7.Bg2 c6 8.O-O
Nbd7 9.Qc2 h6 10.Rfd1 Qe7 11.Rac1 Nh7 12.e4 dxe4 13.Nxe4 Nhf6 14.Nc3 Re8 
15.Ne5 Qb4 16.a3 Qe7 17.b4 a6 18.Re1 Nb6 19.f4 Qd6 20.Rcd1 Qc7 21.Ne4 Nxe4
22.Bxe4 Nd7 23.Bh7+ Kf8 24.Nxf7 Nf6 25.Ne5 Nxh7 26.Qxh7 a5 27.Qh8+ Ke7 28.
Qxg7+ Kd8 29.Nf7+ Qxf7 30.Qxf7 Bd7 31.d5 cxd5 32.cxd5 axb4 33.dxe6 Re7 34.
Rxd7+ Kc8 35.Qf8+ 1-0

[Event "Richard Sutton Trophy 2016"]
[Site "Dunedin NZL"]
[Date "2016.10.26"]
[Round "1.2"]
[White "Clarkson, Robert D"]
[Black "Nicholls, Leighton"]
[Result "0-1"]
[WhiteElo "1644"]
[BlackElo "2088"]
[EventDate "2016.10.26"]
[PlyCount "75"]
[SourceDate "2016.10.27"]

1.c4 Nf6 2.d4 c5 3.Nf3 cxd4 4.Qxd4 Nc6 5.Qd1 g6 6.Nc3 Bg7 7.e3 O-O 8.Bd3 
d6 9.Rb1 Be6 10.b3 Nd7 11.Bb2 Nc5 12.Be2 Qa5 13.Nd4 Bf5 14.Rc1 Ne4 15.O-O 
Nxd4 16.exd4 Nxc3 17.Bxc3 Qxa2 18.Bf3 Qa6 19.Ra1 Qb6 20.Re1 Rfe8 21.Re3 
Qc7 22.Bg4 Bxg4 23.Qxg4 f5 24.Qg5 e5 25.d5 a5 26.Rh3 a4 27.Qh4 axb3 28.
Qxh7+ Kf7 29.Rg3 Rxa1+ 30.Bxa1 Re7 31.Qxg6+ Kg8 32.Rh3 Qxc4 33.Qh7+ Kf8 
34.Qxf5+ Rf7 35.Qg5 Bf6 36.Qh6+ Ke7 37.Bb2 Qxd5 38.g4 {time} 0-1

[Event "Richard Sutton Trophy 2016"]
[Site "Dunedin NZL"]
[Date "2016.10.26"]
[Round "1.3"]
[White "Aimers, Geoffrey"]
[Black "Reid, David M"]
[Result "1-0"]
[WhiteElo "1893"]
[BlackElo "1609"]
[EventDate "2016.10.26"]
[PlyCount "101"]
[SourceDate "2016.10.27"]

1.e4 c5 2.Nf3 d6 3.d4 cxd4 4.Nxd4 Nf6 5.Nc3 a6 6.Be2 e5 7.Nb3 Nc6 8.Be3 
Be7 9.O-O O-O 10.Kh1 Be6 11.f4 b5 12.f5 Bd7 13.a3 Rb8 14.Bf3 Qc8 15.Qd2 
Rd8 16.g4 Ne8 17.Nd5 Qb7 18.Na5 Nxa5 19.Nxe7+ Kf8 20.Qxa5 Kxe7 21.g5 Kf8 
22.Rae1 Bc6 23.Bf2 Rd7 24.Qd2 Rbd8 25.g6 h6 26.gxf7 Rxf7 27.Bh4 Nf6 28.Qe3
d5 29.Qc5+ Kg8 30.Bh5 Nxe4 31.Bxf7+ Kxf7 32.Rxe4 dxe4 33.Bxd8 e3+ 34.Kg1 
Qd7 35.Bh4 e2 36.Re1 Bf3 37.Qxe5 Qa7+ 38.Bf2 Qd7 39.Qe6+ Qxe6 40.fxe6+ 
Kxe6 41.Bd4 g5 42.Kf2 Bh5 43.Rxe2+ Bxe2 44.Kxe2 g4 45.Kf2 Kf5 46.Kg3 h5 
47.Kh4 Kg6 48.b3 a5 49.Bb6 a4 50.bxa4 bxa4 51.c4 1-0

[Event "Richard Sutton Trophy 2016"]
[Site "Dunedin NZL"]
[Date "2016.10.26"]
[Round "1.4"]
[White "Armstrong, John F"]
[Black "Duffield, Terence"]
[Result "1-0"]
[WhiteElo "1576"]
[BlackElo "1824"]
[EventDate "2016.10.26"]
[PlyCount "43"]
[SourceDate "2016.10.27"]

1.d4 Nf6 2.c4 e5 3.e3 Bb4+ 4.Bd2 Qe7 5.a3 Bxd2+ 6.Qxd2 exd4 7.Qxd4 Nc6 8.
Qd1 d5 9.cxd5 Bg4 10.Be2 Bxe2 11.Nxe2 Nxd5 12.Qxd5 Rd8 13.Qb3 Qe4 14.O-O 
O-O 15.Nbc3 Qg6 16.Rad1 b6 17.Rxd8 Rxd8 18.Rd1 Rxd1+ 19.Qxd1 h5 20.Nf4 Qf5
21.Nxh5 Ne5 22.Ng3 1-0

[Event "Richard Sutton Trophy 2016"]
[Site "Dunedin NZL"]
[Date "2016.10.26"]
[Round "1.5"]
[White "Jellyman, Riley"]
[Black "Box, Taine"]
[Result "1-0"]
[WhiteElo "1799"]
[BlackElo "1554"]
[EventDate "2016.10.26"]
[PlyCount "33"]
[SourceDate "2016.10.27"]

1.e4 d5 2.exd5 Qxd5 3.Nc3 Qd8 4.d4 Nf6 5.Bc4 e6 6.Nf3 Nbd7 7.O-O c5 8.Re1 
cxd4 9.Nxd4 Bc5 10.Nb3 Bb6 11.Bf4 a6 12.Qd6 Ng4 13.Bxe6 Bxf2+ 14.Kh1 Bxe1 
15.Rxe1 fxe6 16.Qxe6+ Kf8 17.Bd6+ 1-0

[Event "Richard Sutton Trophy 2016"]
[Site "Dunedin NZL"]
[Date "2016.10.26"]
[Round "1.6"]
[White "Nisa, Hildon"]
[Black "Gold, Hamish R"]
[Result "0-1"]
[WhiteElo "1546"]
[BlackElo "1757"]
[EventDate "2016.10.26"]
[PlyCount "100"]
[SourceDate "2016.10.27"]

1.d4 Nf6 2.c4 e5 3.dxe5 Ng4 4.Nf3 Nc6 5.Bg5 Be7 6.Bxe7 Qxe7 7.e3 Ngxe5 8.
Nxe5 Qxe5 9.Nc3 O-O 10.Be2 d6 11.Qd5 Qe7 12.a3 Be6 13.Qd2 Qg5 14.g3 Na5 
15.Qc2 Nxc4 16.Ne4 Qa5+ 17.b4 Qe5 18.O-O b5 19.Nd2 Bh3 20.Bf3 Bxf1 21.Bxa8
Qxa1 22.Nxf1 Rxa8 23.Qe4 Rb8 24.Kg2 Qxa3 25.Qc6 Qxb4 26.Qxc7 Re8 27.Qd7 
Rf8 28.Qxa7 Qb2 29.Qa6 h6 30.h4 Qe5 31.Nh2 Qd5+ 32.Nf3 Ra8 33.e4 Rxa6 34.
exd5 b4 35.Nd4 Ra3 36.Nc2 b3 37.Nxa3 Nxa3 38.f4 b2 39.Kh3 b1=Q 40.h5 f5 
41.g4 Qh1+ 42.Kg3 Qg1+ 43.Kf3 fxg4+ 44.Ke2 g3 45.Kf3 Qf2+ 46.Ke4 g2 47.Kf5
Qc2+ 48.Ke6 g1=Q 49.Kxd6 Nb5+ 50.Ke7 Qe2+ 0-1

[Event "Richard Sutton Trophy 2016"]
[Site "Dunedin NZL"]
[Date "2016.11.02"]
[Round "2.2"]
[White "Nicholls, Leighton"]
[Black "Tamimi, Naser"]
[Result "1-0"]
[WhiteElo "2088"]
[BlackElo "1757"]
[EventDate "2016.10.26"]
[PlyCount "71"]
[SourceDate "2016.11.03"]

1.f4 e5 2.fxe5 d6 3.exd6 Bxd6 4.Nf3 Nf6 5.g3 O-O 6.Bg2 Bg4 7.d4 h6 8.Qd3 
Re8 9.O-O Qc8 10.Re1 Bh3 11.e4 Bxg2 12.Kxg2 Bf8 13.c4 Nc6 14.Nc3 Nb4 15.
Qd1 Qg4 16.e5 Nh7 17.Re4 Qg6 18.a3 Nc6 19.Nh4 Qe6 20.d5 Qd7 21.dxc6 Qxc6 
22.Qd5 Qb6 23.Qb5 Qe6 24.Be3 c6 25.Qb3 Rad8 26.Rd1 Ng5 27.Bxg5 hxg5 28.Nf3
g4 29.Nd4 Qg6 30.Qc2 Bc5 31.Qe2 f5 32.Rf4 Bd6 33.Nxf5 Rxe5 34.Qxe5 Bxe5 
35.Ne7+ Kh7 36.Nxg6 1-0

[Event "Richard Sutton Trophy 2016"]
[Site "Dunedin NZL"]
[Date "2016.11.02"]
[Round "2.3"]
[White "Sarfas, Edward"]
[Black "Aimers, Geoffrey"]
[Result "1-0"]
[WhiteElo "1701"]
[BlackElo "1893"]
[EventDate "2016.10.26"]
[PlyCount "57"]
[SourceDate "2016.11.03"]

1.e4 c6 2.d4 d5 3.e5 g6 4.Bd3 h5 5.c3 Nh6 6.Bxh6 Bxh6 7.Qc2 Bg7 8.Bxg6 
fxg6 9.Qxg6+ Kf8 10.e6 Qe8 11.Qf5+ Kg8 12.Nf3 Qf8 13.Qh3 Qf6 14.O-O Bxe6 
15.Qg3 h4 16.Qc7 h3 17.Ne5 hxg2 18.Re1 Qh6 19.Nf3 Nd7 20.Nbd2 Kh7 21.Re3 
Rhc8 22.Qg3 Nf8 23.Rae1 Bf6 24.Qxg2 Bh3 25.Ng5+ Bxg5 26.Rxh3 Bxd2 27.Rxe7+
Kh8 28.Rxh6+ Bxh6 29.Qh3 1-0

[Event "Richard Sutton Trophy 2016"]
[Site "Dunedin NZL"]
[Date "2016.11.02"]
[Round "2.4"]
[White "Armstrong, John F"]
[Black "Jellyman, Riley"]
[Result "1-0"]
[WhiteElo "1576"]
[BlackElo "1799"]
[EventDate "2016.10.26"]
[PlyCount "61"]
[SourceDate "2016.11.03"]

1.d4 Nf6 2.c4 c5 3.d5 b5 4.b3 g6 5.Bb2 Bg7 6.Nd2 O-O 7.Ngf3 d6 8.h3 e6 9.
dxe6 fxe6 10.e3 b4 11.Bd3 Bb7 12.a3 bxa3 13.Rxa3 Na6 14.Bc3 Nb4 15.Bxb4 
cxb4 16.Ra2 Nd7 17.O-O Nc5 18.Bc2 Bc3 19.Nd4 a6 20.N2f3 e5 21.Ne2 Bxf3 22.
gxf3 Qg5+ 23.Ng3 Rf6 24.Qd5+ Kg7 25.Qxa8 h5 26.Kh2 Qh4 27.Rg1 Kf7 28.Qd5+ 
Kf8 29.Rg2 Ne6 30.Qxd6+ Ke8 31.Rxa6 1-0

[Event "Richard Sutton Trophy 2016"]
[Site "Dunedin NZL"]
[Date "2016.11.02"]
[Round "2.5"]
[White "Duffield, Terence"]
[Black "Southgate, Brent"]
[Result "1-0"]
[WhiteElo "1824"]
[BlackElo "1801"]
[EventDate "2016.10.26"]
[PlyCount "55"]
[SourceDate "2016.11.03"]

1.e4 c6 2.Nc3 d5 3.Nf3 dxe4 4.Nxe4 Nd7 5.Qe2 e6 6.d4 Ngf6 7.Bg5 Be7 8.
O-O-O a5 9.c4 Nxe4 10.Bxe7 Qxe7 11.Qxe4 Nf6 12.Qh4 Bd7 13.Bd3 b5 14.c5 Nd5
15.Qg3 Qf6 16.Kb1 Nf4 17.Be4 Ne2 18.Qd6 Rc8 19.g3 Qe7 20.Qxe7+ Kxe7 21.
Rhe1 Nc3+ 22.bxc3 b4 23.cxb4 Rb8 24.Ka1 axb4 25.Rb1 Rb7 26.Ne5 Rc8 27.Re2 
f6 28.Nd3 1-0

[Event "Richard Sutton Trophy 2016"]
[Site "Dunedin NZL"]
[Date "2016.11.02"]
[Round "2.6"]
[White "Fukushima, Shoji"]
[Black "Nisa, Hildon"]
[Result "0-1"]
[WhiteElo "1700"]
[BlackElo "1546"]
[EventDate "2016.10.26"]
[PlyCount "178"]
[SourceDate "2016.11.03"]

1.e4 e5 2.Nf3 d6 3.Bc4 Nf6 4.Nc3 Nc6 5.h3 h6 6.a3 Be7 7.d3 O-O 8.O-O Na5 
9.Ba2 c5 10.b4 Nc6 11.bxc5 dxc5 12.Ne2 Qd6 13.Bb2 Nd4 14.Nd2 b5 15.Nb3 Bb7
16.c3 Nxe2+ 17.Qxe2 Rad8 18.Rfd1 Rd7 19.f3 Rfd8 20.d4 c4 21.Nc5 Rc7 22.
Nxb7 Rxb7 23.d5 Qc5+ 24.Kh2 Bd6 25.Kh1 a5 26.Bb1 Nh5 27.Qe1 Nf4 28.Qd2 Qc8
29.Kh2 f5 30.Kh1 fxe4 31.Bxe4 Nh5 32.Qf2 Nf6 33.Qc2 Nxe4 34.Qxe4 Rf8 35.
Bc1 Qf5 36.Re1 Qxe4 37.Rxe4 Bb8 38.Be3 Rd7 39.Rd1 Rfd8 40.Bb6 Rxd5 41.Rxd5
Rxd5 42.Bxa5 Rd1+ 43.Kh2 Kf7 44.Bb4 g5 45.Kg3 Ke6 46.Kg4 Rd8 47.Re3 Bd6 
48.g3 Bxb4 49.axb4 Rd3 50.Re4 Rxc3 51.f4 gxf4 52.gxf4 h5+ 53.Kxh5 Kf5 54.
Rxe5+ Kxf4 55.Rxb5 Rxh3+ 56.Kg6 Rg3+ 57.Kf6 Ke4 58.Rc5 Kd4 59.Ke6 Rb3 60.
Rd5+ Kc3 61.b5 Kb2 62.Rc5 c3 63.Kd5 c2 64.b6 Rxb6 65.Kd4 Rb4+ 66.Kd3 c1=Q 
67.Rxc1 Kxc1 68.Kc3 Rf4 69.Kd3 Rb4 70.Kc3 Rb8 71.Kd4 Rc8 72.Kd5 Kd2 73.Kd6
Kd3 74.Kd7 Rc4 75.Kd6 Kd4 76.Ke6 Rc5 77.Kd6 Rh5 78.Ke6 Ke4 79.Kd6 Re5 80.
Kc6 Rd5 81.Kb6 Kd4 82.Kc6 Kc4 83.Kb6 Rc5 84.Ka6 Rb5 85.Ka7 Rb1 86.Ka6 Kc5 
87.Ka7 Kc6 88.Ka8 Kc7 89.Ka7 Ra1# 0-1

[Event "Richard Sutton Trophy 2016"]
[Site "Dunedin NZL"]
[Date "2016.11.02"]
[Round "2.8"]
[White "Reid, David M"]
[Black "Lough, Max"]
[Result "0-1"]
[WhiteElo "1609"]
[BlackElo "1410"]
[EventDate "2016.10.26"]
[PlyCount "172"]
[SourceDate "2016.11.03"]

1.e4 e5 2.Nf3 Nc6 3.Bb5 a6 4.Ba4 b5 5.Bb3 Bb7 6.O-O Bc5 7.d3 Nge7 8.Nc3 
O-O 9.Bg5 Kh8 10.a3 Qc8 11.Ba2 f6 12.Bd2 Nd4 13.b4 Nxf3+ 14.Qxf3 Bd4 15.
Rab1 c6 16.Ne2 Bb6 17.Ng3 d5 18.exd5 cxd5 19.c3 d4 20.Qe2 dxc3 21.Rbc1 Nd5
22.Bxd5 Bxd5 23.Bxc3 a5 24.d4 Qb7 25.Qb2 Bxg2 26.f3 Bxf1 27.Rxf1 Qa7 28.
Ne2 Rfd8 29.Rd1 Rd7 30.Kg2 Rad8 31.bxa5 Bxd4 32.Nxd4 exd4 33.Bb4 Qc7 34.
Rd3 Qc4 35.Qd2 Qd5 36.Kf2 Qh5 37.Kg2 Qg5+ 38.Qxg5 fxg5 39.Kg3 Re8 40.Kf2 
h5 41.h3 Re6 42.Bd2 Ra6 43.Kg3 Kh7 44.Bb4 Kh6 45.Bd2 Rd5 46.Bb4 Kg6 47.Bd2
Kf5 48.Be1 Re6 49.Bd2 g6 50.Kf2 g4 51.Kg3 gxh3 52.Kxh3 Re2 53.f4 Rxd2 54.
Rxd2 Kxf4 55.Rf2+ Ke3 56.Kg2 Rg5+ 57.Kf1 d3 58.a6 Rd5 59.a7 Rd8 60.Ke1 Ra8
61.Rf7 h4 62.Re7+ Kd4 63.Kd2 h3 64.Rh7 h2 65.Rxh2 Rxa7 66.Rh4+ Kd5 67.Kxd3
Rxa3+ 68.Kc2 Kc5 69.Rg4 Ra6 70.Kb3 Kd5 71.Rg5+ Ke4 72.Rxb5 Rd6 73.Rb4+ Rd4
74.Rb8 g5 75.Rg8 Kf4 76.Kc3 Rd7 77.Rf8+ Kg3 78.Kc2 g4 79.Rg8 Kf3 80.Rf8+ 
Kg2 81.Re8 g3 82.Re1 Kh2 83.Re8 g2 84.Rh8+ Kg1 85.Rg8 Rf7 86.Kd2 Kf2 0-1

[Event "Richard Sutton Trophy 2016"]
[Site "Dunedin NZL"]
[Date "2016.11.09"]
[Round "3.1"]
[White "Sarfas, Edward"]
[Black "Johnson, Quentin J F"]
[Result "0-1"]
[WhiteElo "1701"]
[BlackElo "2148"]
[EventDate "2016.10.26"]
[PlyCount "114"]
[SourceDate "2016.11.10"]

1.e4 c5 2.Nf3 e6 3.d4 cxd4 4.Nxd4 Nf6 5.Bd3 d6 6.h3 Nc6 7.c3 Be7 8.Be3 O-O
9.Qc2 Bd7 10.Na3 a6 11.Nf3 b5 12.Rd1 Rc8 13.Qd2 Qc7 14.Nc2 Rfd8 15.Ncd4 
Ne5 16.Bb1 Nc4 17.Qe2 Nxe3 18.Qxe3 e5 19.Ne2 Bc6 20.O-O Bf8 21.Ng3 g6 22.
Qg5 Bg7 23.a3 Qb7 24.Rfe1 a5 25.Qe3 b4 26.c4 Be8 27.axb4 Qxb4 28.b3 a4 29.
bxa4 Bxa4 30.Rc1 Rxc4 31.Rxc4 Qxc4 32.Qa7 h6 33.Kh2 Rd7 34.Qe3 Rc7 35.Bd3 
Qc5 36.Qe2 Nd7 37.Nf1 Nf8 38.N1d2 Ne6 39.g3 Nd4 40.Nxd4 Qxd4 41.Bb1 Kh7 
42.Nf1 Rb7 43.Qe3 Rb2 44.Qxd4 exd4 45.Kg2 Bb5 46.Rd1 Be2 47.Rc1 d3 48.Bxd3
Bxd3 49.Rd1 Bxe4+ 50.Kg1 d5 51.Ne3 d4 52.Nc4 Rb1 53.Rxb1 Bxb1 54.Nd2 Bc2 
55.f4 d3 56.Kf1 Bc3 57.Ke1 f5 0-1

[Event "Richard Sutton Trophy 2016"]
[Site "Dunedin NZL"]
[Date "2016.11.09"]
[Round "3.2"]
[White "Nicholls, Leighton"]
[Black "Armstrong, John F"]
[Result "1-0"]
[WhiteElo "2088"]
[BlackElo "1576"]
[EventDate "2016.10.26"]
[PlyCount "69"]
[SourceDate "2016.11.10"]

1.f4 d5 2.Nf3 Bg4 3.Ne5 Bf5 4.d3 Nd7 5.g3 Nxe5 6.fxe5 e6 7.Bg2 Bc5 8.d4 
Bb6 9.O-O c5 10.e3 Ne7 11.b3 O-O 12.Bb2 h6 13.c4 Bg6 14.Na3 a6 15.cxd5 
exd5 16.Rc1 Rc8 17.Nb1 Nf5 18.Qd2 Ne7 19.Nc3 Ba5 20.Ba3 Bxc3 21.Rxc3 b6 
22.dxc5 bxc5 23.Rxc5 Rxc5 24.Bxc5 Re8 25.e4 Qc7 26.Bxe7 Rxe7 27.exd5 Rxe5 
28.d6 Qd7 29.Rc1 Re6 30.Rc6 Be4 31.Bxe4 Rxe4 32.Rc7 Qd8 33.d7 Re1+ 34.Qxe1
Qxc7 35.Qe8+ 1-0

[Event "Richard Sutton Trophy 2016"]
[Site "Dunedin NZL"]
[Date "2016.11.09"]
[Round "3.3"]
[White "Gold, Hamish R"]
[Black "Aimers, Geoffrey"]
[Result "1/2-1/2"]
[WhiteElo "1757"]
[BlackElo "1893"]
[EventDate "2016.10.26"]
[PlyCount "90"]
[SourceDate "2016.11.10"]

1.e4 c6 2.d4 d5 3.Nc3 g6 4.Be3 Bg7 5.Qd2 dxe4 6.Nxe4 Nd7 7.Bc4 Ndf6 8.f3 
Nd5 9.Bxd5 Qxd5 10.Ne2 e5 11.N2c3 Qa5 12.Nd6+ Kf8 13.Nxc8 Rxc8 14.O-O-O 
Rd8 15.Qf2 Ne7 16.dxe5 Rxd1+ 17.Rxd1 Bxe5 18.Bh6+ Ke8 19.Qd2 Qc7 20.f4 
Bxc3 21.Qxc3 Rg8 22.Re1 Kd8 23.Bg5 Re8 24.Bxe7+ Rxe7 25.Qh8+ Kd7 26.Rd1+ 
Ke6 27.Qd4 f5 28.g3 Rd7 29.Re1+ Kf7 30.Qh8 Qd6 31.Qxh7+ Kf6 32.Qh8+ Kf7 
33.Qe8+ Kf6 34.Qe3 a5 35.h3 Qd5 36.g4 Qxa2 37.g5+ Kg7 38.Qe5+ Kh7 39.b3 
Qa3+ 40.Kb1 Qb4 41.Qe6 Qd4 42.h4 Qd5 43.Qe8 Qf7 44.Qe5 Rd5 45.Qb8 Rd7 
1/2-1/2

[Event "Richard Sutton Trophy 2016"]
[Site "Dunedin NZL"]
[Date "2016.11.09"]
[Round "3.4"]
[White "Clarkson, Robert D"]
[Black "Duffield, Terence"]
[Result "0-1"]
[WhiteElo "1644"]
[BlackElo "1824"]
[EventDate "2016.10.26"]
[PlyCount "58"]
[SourceDate "2016.11.10"]

1.d4 Nf6 2.c4 e5 3.e3 Bb4+ 4.Bd2 Qe7 5.a3 Bxd2+ 6.Qxd2 exd4 7.Qxd4 Nc6 8.
Qd1 O-O 9.Nf3 Rd8 10.Bd3 d5 11.Qc2 h6 12.O-O dxc4 13.Bxc4 Ne5 14.Nxe5 Qxe5
15.Nd2 Bf5 16.e4 Ng4 17.Nf3 Qxe4 18.Qc3 Be6 19.Bxe6 Qxe6 20.h3 Nf6 21.Rfe1
Qb6 22.Qc2 Rd5 23.Re2 Rad8 24.Rae1 Qd6 25.Kf1 Rc5 26.Qb3 Qa6 27.Kg1 b5 28.
Ne5 Rcd5 29.Rd2 Qd6 {time} 0-1

[Event "Richard Sutton Trophy 2016"]
[Site "Dunedin NZL"]
[Date "2016.11.09"]
[Round "3.5"]
[White "Jellyman, Riley"]
[Black "Nisa, Hildon"]
[Result "1-0"]
[WhiteElo "1799"]
[BlackElo "1546"]
[EventDate "2016.10.26"]
[PlyCount "39"]
[SourceDate "2016.11.10"]

1.e4 e5 2.Nf3 d6 3.d4 exd4 4.Nxd4 Nf6 5.Nc3 Be7 6.Be2 O-O 7.Be3 Bd7 8.O-O 
Nc6 9.f3 Nxd4 10.Bxd4 Re8 11.Qd2 Bf8 12.Qf4 Nh5 13.Qd2 f5 14.exf5 Nf6 15.
Bc4+ Kh8 16.Qg5 Qc8 17.g4 Qd8 18.Bf7 Re7 19.Bxf6 gxf6 20.Qg8# 1-0

[Event "Richard Sutton Trophy 2016"]
[Site "Dunedin NZL"]
[Date "2016.11.09"]
[Round "3.6"]
[White "Lough, Max"]
[Black "Box, Taine"]
[Result "0-1"]
[WhiteElo "1410"]
[BlackElo "1554"]
[EventDate "2016.10.26"]
[PlyCount "68"]
[SourceDate "2016.11.10"]

1.e4 c5 2.Nf3 Nc6 3.Bc4 e6 4.Nc3 Nge7 5.d3 d5 6.Bb5 d4 7.Ne2 Qa5+ 8.c3 
Qxb5 9.cxd4 cxd4 10.Nexd4 Nxd4 11.Nxd4 Qb4+ 12.Bd2 Qxd4 13.Bc3 Qb6 14.O-O 
Ng6 15.Kh1 Bb4 16.Qa4+ Bd7 17.Qxb4 Qxb4 18.Bxb4 O-O-O 19.Rac1+ Kb8 20.Rc5 
Nf4 21.Rd1 Rc8 22.g3 Rxc5 23.Bxc5 Ng6 24.f4 Rc8 25.d4 h5 26.Kg2 b6 27.Bd6+
Ka8 28.Rd2 h4 29.g4 f5 30.Kf3 fxe4+ 31.Kxe4 Bc6+ 32.Ke3 Bd5 33.Kd3 Bxa2 
34.Rc2 Bb1 0-1

[Event "Richard Sutton Trophy 2016"]
[Site "Dunedin NZL"]
[Date "2016.11.09"]
[Round "3.7"]
[White "Southgate, Brent"]
[Black "Fukushima, Shoji"]
[Result "0-1"]
[WhiteElo "1801"]
[BlackElo "1700"]
[EventDate "2016.10.26"]
[PlyCount "138"]
[SourceDate "2016.11.10"]

1.d4 d5 2.e3 Nf6 3.Bd3 Nc6 4.f4 Bg4 5.Nf3 Nb4 6.O-O Nxd3 7.cxd3 h6 8.Qb3 
Rb8 9.Bd2 e6 10.Bb4 Bd6 11.Ne5 O-O 12.Nd2 Bxb4 13.Qxb4 Bf5 14.h3 c6 15.Nb3
Nd7 16.Qd2 Nxe5 17.fxe5 Qb6 18.Nc5 Rbd8 19.a4 Qc7 20.b4 b6 21.Nb3 Qb7 22.
Rfc1 Rc8 23.Rc3 Qa6 24.a5 Qb5 25.Rac1 Qxb4 26.axb6 axb6 27.Rxc6 Qxd2 28.
Nxd2 Rxc6 29.Rxc6 Rb8 30.e4 dxe4 31.dxe4 Bg6 32.Kf2 b5 33.Ke3 b4 34.Nc4 b3
35.Nb2 Rb4 36.Rc8+ Kh7 37.Rc4 Rb8 38.g3 Kg8 39.d5 exd5 40.exd5 Kf8 41.Rc7 
Ke8 42.Kd4 Rd8 43.d6 Bf5 44.Rb7 Be6 45.h4 g6 46.Nc4 f6 47.Rxb3 fxe5+ 48.
Kxe5 Bxc4 49.Rb7 h5 50.Rg7 Bd3 51.Ke6 Bf5+ 52.Ke5 Rd7 53.Rg8+ Kf7 54.Ra8 
Bg4 55.Rc8 Re7+ 56.dxe7 Bxc8 57.e8=Q+ Kxe8 58.Kf6 Bf5 59.Kg5 Kf7 60.Kf4 
Kf6 61.Ke3 Ke5 62.Kf3 Kd4 63.Kf4 Kd3 64.Kf3 Kd2 65.Kf2 Bg4 66.Kg1 Ke2 67.
Kg2 Ke3 68.Kg1 Kf3 69.Kh2 Bf5 0-1

[Event "Richard Sutton Trophy 2016"]
[Site "Dunedin NZL"]
[Date "2016.11.16"]
[Round "4.1"]
[White "Johnson, Quentin J F"]
[Black "Nicholls, Leighton"]
[Result "1-0"]
[WhiteElo "2148"]
[BlackElo "2088"]
[EventDate "2016.10.26"]
[PlyCount "119"]
[SourceDate "2016.11.17"]

1.d4 Nf6 2.c4 c5 3.d5 b5 4.Nf3 g6 5.Qc2 Bg7 6.e4 bxc4 7.Bxc4 d6 8.O-O Nbd7
9.Re1 O-O 10.h3 Bb7 11.Nc3 Nb6 12.Bf1 Nfd7 13.Bf4 f5 14.Ng5 Qc8 15.Ne6 Rf7
16.Rad1 fxe4 17.Nxg7 Kxg7 18.Qxe4 Nf6 19.Qe6 Nbxd5 20.Bh6+ Kg8 21.Qxc8+ 
Rxc8 22.Bc4 e6 23.Rxe6 Nb6 24.Rexd6 Nxc4 25.Rd8+ Ne8 26.Rxc8 Bxc8 27.Rd8 
Nd6 28.Ne4 Re7 29.Nxd6 Bd7 30.Be3 Kg7 31.Nxe8+ Bxe8 32.Bxc5 Re2 33.Bxa7 
Kf7 34.Rb8 Bc6 35.Be3 Bd5 36.a4 Re1+ 37.Kh2 Ra1 38.Rb5 Bc6 39.Rc5 Bxa4 40.
Rc7+ Kg8 41.Ra7 Ra2 42.Bd4 Bb3 43.Rg7+ Kf8 44.Rxh7 Ra4 45.Rb7 Bd5 46.Rb8+ 
Kf7 47.b4 Be4 48.Be3 Ke6 49.b5 Kd5 50.b6 Rb4 51.Rc8 Rb5 52.Rc7 Kd6 53.Rg7 
Kd5 54.Kg3 Rb4 55.f3 Bc2 56.Rc7 Ba4 57.Rg7 Bc2 58.Rd7+ Kc6 59.Rc7+ 1-0

[Event "Richard Sutton Trophy 2016"]
[Site "Dunedin NZL"]
[Date "2016.11.16"]
[Round "4.2"]
[White "Duffield, Terence"]
[Black "Jellyman, Riley"]
[Result "0-1"]
[WhiteElo "1824"]
[BlackElo "1799"]
[EventDate "2016.10.26"]
[PlyCount "78"]
[SourceDate "2016.11.17"]

1.e4 e5 2.Nf3 Nc6 3.Bc4 Bc5 4.b4 Bb6 5.a4 a6 6.c3 Nf6 7.d3 d6 8.Nbd2 O-O 
9.O-O h6 10.Bb2 Re8 11.a5 Ba7 12.b5 axb5 13.Bxb5 Bd7 14.Qb1 Ne7 15.c4 c6 
16.Ba4 Ng6 17.Bc3 Qc7 18.h3 Nf4 19.Bd1 Qc8 20.Nh2 N6h5 21.Kh1 Bxh3 22.gxh3
Qxh3 23.Bf3 g5 24.Rg1 Bxf2 25.Qf1 Ng3+ 26.Rxg3 Qxg3 27.Nb3 h5 28.Be1 Nh3 
29.Bg2 Bxe1 30.Bxh3 Bf2 31.Ra2 Be3 32.Rg2 Qf4 33.Qxf4 Bxf4 34.Bf5 Kf8 35.
Ra2 Red8 36.a6 Rxa6 37.Rxa6 bxa6 38.Na5 Rb8 39.Nxc6 Rb1+ 0-1

[Event "Richard Sutton Trophy 2016"]
[Site "Dunedin NZL"]
[Date "2016.11.16"]
[Round "4.3"]
[White "Armstrong, John F"]
[Black "Sarfas, Edward"]
[Result "0-1"]
[WhiteElo "1576"]
[BlackElo "1701"]
[EventDate "2016.10.26"]
[PlyCount "60"]
[SourceDate "2016.11.17"]

1.d4 Nf6 2.c4 c5 3.d5 d6 4.Nc3 g6 5.Bg5 Bg7 6.Bxf6 Bxf6 7.e4 Nd7 8.Nf3 O-O
9.Qd2 a6 10.Rb1 Rb8 11.a3 Qa5 12.Ne2 Qxd2+ 13.Nxd2 b5 14.cxb5 axb5 15.Nc3 
b4 16.axb4 Rxb4 17.Be2 Bg5 18.Nf3 Bf6 19.Nd2 Nb6 20.O-O Bd7 21.h3 Rb8 22.
Rfc1 Ra8 23.f4 Bd4+ 24.Kh2 Be3 25.Rd1 Bxf4+ 26.g3 Be5 27.Rdc1 h5 28.Nf3 
Bf6 29.Ra1 Rxa1 30.Rxa1 Rxb2 0-1

[Event "Richard Sutton Trophy 2016"]
[Site "Dunedin NZL"]
[Date "2016.11.16"]
[Round "4.4"]
[White "Tamimi, Naser"]
[Black "Gold, Hamish R"]
[Result "0-1"]
[WhiteElo "1757"]
[BlackElo "1757"]
[EventDate "2016.10.26"]
[PlyCount "56"]
[SourceDate "2016.11.17"]

1.e4 c5 2.c3 d5 3.exd5 Qxd5 4.d4 Nf6 5.Nf3 Nc6 6.Bb5 Bg4 7.c4 Qe4+ 8.Be3 
cxd4 9.Nbd2 Bxf3 10.Nxe4 Bxd1 11.Nc5 dxe3 12.Nxb7 e2 13.Bxc6+ Nd7 14.Nc5 
O-O-O 15.Nxd7 Rxd7 16.Bxd7+ Kxd7 17.b4 e5 18.c5 Be7 19.h4 e4 20.Rh3 Kc6 
21.h5 Rd8 22.Rg3 Bf6 23.Rc1 Rd5 24.h6 Bg5 25.Rxg5 Rxg5 26.g3 gxh6 27.a4 
Rh5 28.b5+ Kc7 0-1

[Event "Richard Sutton Trophy 2016"]
[Site "Dunedin NZL"]
[Date "2016.11.16"]
[Round "4.5"]
[White "Aimers, Geoffrey"]
[Black "Clarkson, Robert D"]
[Result "1-0"]
[WhiteElo "1893"]
[BlackElo "1644"]
[EventDate "2016.10.26"]
[PlyCount "41"]
[SourceDate "2016.11.17"]

1.e4 d6 2.d4 g6 3.Nf3 Bg7 4.Bc4 Nf6 5.Nc3 c6 6.O-O O-O 7.Bb3 d5 8.e5 Ne4 
9.Nxe4 dxe4 10.Ng5 e6 11.Nxe4 Qc7 12.Bg5 Nd7 13.Qf3 Nb6 14.Nd6 Nd5 15.c4 
Ne7 16.Ne4 Nf5 17.Nf6+ Kh8 18.g4 Nh6 19.Bxh6 Bxh6 20.Qh3 Kg7 21.g5 1-0

[Event "Richard Sutton Trophy 2016"]
[Site "Dunedin NZL"]
[Date "2016.11.16"]
[Round "4.7"]
[White "Nisa, Hildon"]
[Black "Southgate, Brent"]
[Result "1/2-1/2"]
[WhiteElo "1546"]
[BlackElo "1801"]
[EventDate "2016.10.26"]
[PlyCount "84"]
[SourceDate "2016.11.17"]

1.d4 d5 2.c4 c6 3.e3 Nf6 4.Nc3 g6 5.Nf3 Bg7 6.cxd5 cxd5 7.g3 O-O 8.Bg2 e6 
9.O-O Bd7 10.Ne5 Qe7 11.b3 Rc8 12.Bb2 Be8 13.Qd3 Nc6 14.f4 a6 15.Na4 Qd8 
16.Qd2 Bf8 17.Rac1 Na7 18.Rxc8 Rxc8 19.Rc1 Rxc1+ 20.Qxc1 Bxa4 21.bxa4 Nc8 
22.Ba3 Nd6 23.Qb2 Nfe8 24.Bc5 Qa5 25.Qb4 Qxb4 26.Bxb4 Nf6 27.h3 Nde4 28.
Be1 Ba3 29.Kf1 Bb2 30.Ng4 Nxg4 31.hxg4 Nc3 32.Bxc3 Bxc3 33.f5 Kg7 34.fxe6 
fxe6 35.Ke2 Kf6 36.e4 Bxd4 37.exd5 exd5 38.Bxd5 b5 39.axb5 axb5 40.a3 Bc5 
41.Bc6 Kg5 42.Kf3 Bxa3 1/2-1/2

[Event "Richard Sutton Trophy 2016"]
[Site "Dunedin NZL"]
[Date "2016.11.16"]
[Round "4.8"]
[White "Reid, David M"]
[Black "Lau, Ethan"]
[Result "0-1"]
[WhiteElo "1609"]
[BlackElo "1326"]
[EventDate "2016.10.26"]
[PlyCount "40"]
[SourceDate "2016.11.17"]

1.e4 e5 2.Nf3 Nc6 3.Bb5 Bd6 4.O-O Nf6 5.Re1 b6 6.Nc3 Bb7 7.d3 h6 8.h3 Qe7 
9.Be3 Bb4 10.Qd2 d5 11.exd5 Nxd5 12.a3 Bxc3 13.bxc3 O-O-O 14.c4 Nxe3 15.
Rxe3 f6 16.Nh4 e4 17.Rxe4 Qxe4 18.Nf3 Nd4 19.Ne1 Nxb5 20.f3 Qd4+ 0-1

[Event "Richard Sutton Trophy 2016"]
[Site "Dunedin NZL"]
[Date "2016.11.23"]
[Round "5.1"]
[White "Jellyman, Riley"]
[Black "Johnson, Quentin J F"]
[Result "1/2-1/2"]
[WhiteElo "1799"]
[BlackElo "2148"]
[EventDate "2016.10.26"]
[PlyCount "68"]
[SourceDate "2016.11.24"]

1.e4 c5 2.Nf3 Nc6 3.Bb5 e6 4.Bxc6 bxc6 5.d3 d5 6.O-O Nf6 7.Nc3 Be7 8.Bf4 
O-O 9.h3 Qb6 10.Rb1 Rd8 11.e5 Nd7 12.Nd2 f6 13.Nf3 Rf8 14.exf6 Bxf6 15.Bd6
Re8 16.Na4 Qb5 17.c3 Ba6 18.Re1 Qxd3 19.Nxc5 Nxc5 20.Bxc5 e5 21.Qxd3 Bxd3 
22.Rbd1 Be4 23.Nd2 Bg6 24.Nf3 a6 25.Bd6 e4 26.Nd4 Rac8 27.b4 Bg5 28.Kf1 
Be7 29.Bxe7 Rxe7 30.Nb3 Ra7 31.Ke2 Kf7 32.Ke3 Kf6 33.Kd4 Rcc7 34.a4 Bf5 
1/2-1/2